| 000 | 00960cam a22002651i 4500 | ||
|---|---|---|---|
| 003 | SA-RiAUC | ||
| 005 | 20250921112542.0 | ||
| 008 | 250920s1988 ua g 00000 ara c | ||
| 040 |
_aS-RiAUC _bara _cSA-RiAUC _erda |
||
| 043 | _aa-su--- | ||
| 082 | 0 | 4 |
_a215.1 _qSA-RiAUC |
| 090 |
_a215.1 _b هـ ي ب |
||
| 100 | 1 |
_aهيبة، رزق السيد _eمؤلف. |
|
| 245 | 1 | 2 |
_aالاعتداء على بيت الله الحرام / _cإعداد رزق السيد هيبة. |
| 264 | 1 |
_aالقاهرة : _bمكتبة التراث الإسلامي، _c1988 |
|
| 300 |
_a151 صفحة ؛ _c24 سم |
||
| 336 |
_aنص _btxt _2rdacontent _3كتاب |
||
| 337 |
_aبدون وسيط _bn _2rdamedia |
||
| 338 |
_aمجلد _bnc _2rdacarrier |
||
| 610 | 2 | 7 |
_aالمسجد الحرام _2aucnm |
| 650 | 7 |
_aالمزارات الإسلامية _2aucsh |
|
| 650 | 7 |
_aالكعبة _xتاريخ _2aucsh |
|
| 942 |
_2ddc _cBOOK _n0 |
||
| 949 |
_aSA-JeALM _d250920 _umohamedma123 _n1 |
||
| 999 |
_c11926 _d11926 |
||